00390cam a2200169ua 45000010005000000080039000050400009000440410008000530820011000611000024000722450038000962500009001342600033001433000010001766530016001866530018002027681141220n ii |||gr||||Z||||||ben cMAIN aben a782.42 aGhosh, S.,eAuthor.1 aA Aamir aabarancBy Sangkha Ghosh a1st. aCalcutta:bPyapirash,c1991. a167p. aVocal music aBengali songs